Etiqueta de registo: 00254nkm 2200109 450
001 1369379
003 http://id.bnportugal.gov.pt/bib/catbnp/1369379
100 ## $a20060502d1984 am y0pory0103 ba
101 0# $apor
102 ## $aPT
200 1# $aNova praça de toiros de S. Manços$bVisual gráfico]$e a segunda grande corrida de toiros da temporada$fEmpresa José J. Branco
210 #9 $a[S.l.]$cE.J.J.Branco,$d1984$eÉvora:$gDiana)
215 ## $a1 cartaz$ccolor.$d41x16 cm
300 ## $aActuação dos cavaleiros Gustavo Zenkl, António Ribeiro Teles e Joaquim Bastinhas;
forcados amadores de Vila Franca de Xira e S. Manços
330 ## $aCabeça de toiro
675 ## $a791.8(469.512)"1984"(084.5)$vBN$zpor$3955316
675 ## $a766(=1:469)"198"(084.5)$vBN$zpor$31302430
710 02 $aEmpresa José J. Branco$31237588
801 #0 $aPT$bBN$gRPC
966 ## $lBN$mICONOG$sCT. 2023 V.$x0
997 ## $aBIBEOD
Etiqueta de registo: 00254nkm 2200109 450
001 1913263
003 http://id.bnportugal.gov.pt/bib/catbnp/1913263
100 ## $a20151026d1978 am y0pory0103 ba
101 0# $apor
102 ## $aPT
200 1# $aMourão$bVisual gráfico]$egrandiosa corrida mista integrada nas festas do Mouronense$fEmpresa José J. Branco
210 #9 $a[S.l.]$cJosé J. Branco,$d1978$eChamusca:$gTip. A Persistente)
215 ## $a1 cartaz$ccolor.$d67,5x30 cm
303 ## $aAtuação dos cavaleiros José M. Cortes e Luís M. da Veiga; espada Mário Coelho; grupos
de forcados de S. Manços e Mourão
317 ## $aColeção Madeira Luís
330 ## $aCena de toureio a cavalo
675 ## $a791.8(469.512)"1978"(084.5)$vBN$zpor$31624645
675 ## $a766(=1:469)"197"(084.5)$vBN$zpor$31270858
710 02 $aEmpresa José J. Branco$31237588
801 #0 $aPT$bBN$gRPC
966 ## $lBN$mICONOG$pFrancisco Madeira Luís$sCT. 13433 A.$x3
997 ## $aBIBEOD
Etiqueta de registo: 00254nkm 2200109 450
001 2287782
003 http://id.bnportugal.gov.pt/bib/catbnp/2287782
100 ## $a20260612d1983 m y0pory01030103ba
101 0# $apor
102 ## $aPT
200 1# $aMonumental do Montijo, sábado 30-abril-83$bVisual gráfico]$fEmpresa José J. Branco, Lda.$g[fotografias] Arjona
210 #9 $a[S.l.]$cEmpresa José J. Branco, Lda.,$d1983$eChamusca :$gTip. "A Persistente")
215 ## $a1 cartaz$ccolor.$d75x40 cm
300 ## $aAtuação dos cavaleiros Domecq, Vidrié, Zoio, J. Telles
675 ## $a791.8(469.412)"1983"(084.5)$vBN$zpor$31031682
675 ## $a766(=1:469)"198"(084.5)$vBN$zpor$31302430
702 #1 $aArjona,$f1921-2000$4600$31717278
710 02 $aEmpresa José J. Branco$31237588
801 #0 $aPT$bBN$gRPC
966 ## $lBN$mICONOG$sCT. 8095 R.
971 ## $ctoliveira$d20260612